[Event "SR Extraliga 2017/2018"]
[Site "?"]
[Date "2018.03.03"]
[Round "10.3"]
[White "Michalik, Peter"]
[Black "Klekowski, Maciej"]
[Result "1/2-1/2"]
[WhiteElo "2555"]
[BlackElo "2489"]
[PlyCount "61"]
[EventDate "2017.??.??"]

1. e4 c5 2. Nf3 Nc6 3. d4 cxd4 4. Nxd4 Nf6 5. Nc3 e5 6. Ndb5 d6 7. Bg5 a6 8.
Na3 b5 9. Nd5 Be7 10. Bxf6 Bxf6 11. c3 Bg5 12. Nc2 Ne7 13. h4 Bh6 14. a4 bxa4
15. Ncb4 O-O 16. Qxa4 a5 17. Bb5 Bb7 18. Nc6 Bxc6 19. Nxe7+ Qxe7 20. Bxc6 Rab8
21. Ra2 Rb6 22. Bd5 Rfb8 23. b3 Rb5 24. Rh3 g6 25. c4 Rc5 26. Rf3 Rxd5 27. exd5
Qxh4 28. Ra1 e4 29. Rh3 Bd2+ 30. Kf1 Qf6 31. c5 1/2-1/2

[Event "SR Extraliga 2017/2018"]
[Site "?"]
[Date "2018.03.03"]
[Round "10.4"]
[White "Druska, Juraj"]
[Black "Rigo, Zsolt"]
[Result "1-0"]
[WhiteElo "2427"]
[BlackElo "2401"]
[PlyCount "155"]
[EventDate "2017.??.??"]

1. e4 c5 2. Nf3 e6 3. d4 cxd4 4. Nxd4 a6 5. Bd3 Bc5 6. Nb3 Ba7 7. Qg4 Nf6 8.
Qg3 d6 9. Nc3 Nc6 10. Bg5 h6 11. Bd2 Nh5 12. Qf3 Qh4 13. g3 Ne5 14. Qe2 Qg4 15.
O-O-O Nf6 16. f4 Qxe2 17. Bxe2 Neg4 18. Be1 Ke7 19. Rd3 h5 20. Bf3 h4 21. Nd1
hxg3 22. hxg3 Rxh1 23. Bxh1 e5 24. Bb4 Ne8 25. Bf3 f6 26. Na5 Nf2 27. Nxf2 Bxf2
28. Bh5 exf4 29. gxf4 Bc5 30. Bxc5 dxc5 31. Bxe8 Kxe8 32. Nc4 b5 33. Nb6 Rb8
34. Nxc8 Rxc8 35. Rd6 Kf7 36. Rd7+ Kg6 37. f5+ Kh6 38. Kd2 Rc6 39. Ke3 g6 40.
Kf4 b4 41. e5 fxe5+ 42. Kxe5 gxf5 43. Kxf5 c4 44. Ke5 c3 45. b3 a5 46. Rd1 Rg6
47. Rh1+ Kg7 48. Kd4 Rg2 49. Rc1 Kf6 50. a3 Ke6 51. axb4 axb4 52. Kc5 Rg4 53.
Rd1 Rg2 54. Kxb4 Rxc2 55. Rd3 Ra2 56. Kxc3 Ra8 57. b4 Rc8+ 58. Kb3 Rb8 59. Rd1
Ke5 60. Rd7 Ke6 61. Rd4 Ke5 62. Kc3 Ke6 63. Kc4 Rc8+ 64. Kb5 Ke5 65. Rd7 Ke6
66. Rb7 Kd6 67. Ka6 Rh8 68. b5 Ra8+ 69. Kb6 Rh8 70. Rg7 Rh6 71. Ka7 Rh1 72. b6
Kc6 73. Rg6+ Kb5 74. b7 Ra1+ 75. Kb8 Rh1 76. Rd6 Kc5 77. Kc7 Rb1 78. Rd8 1-0

[Event "SR Extraliga 2017/2018"]
[Site "?"]
[Date "2018.03.03"]
[Round "10.5"]
[White "Stohl, Igor"]
[Black "Manik, Mikulas"]
[Result "1/2-1/2"]
[WhiteElo "2502"]
[BlackElo "2423"]
[PlyCount "28"]
[EventDate "2017.??.??"]

1. d4 Nf6 2. c4 g6 3. g3 Bg7 4. Bg2 O-O 5. Nc3 d6 6. Nf3 Nc6 7. O-O e5 8. dxe5
dxe5 9. Bg5 Be6 10. Qc1 Qc8 11. Rd1 Nd7 12. b3 f5 13. Bh6 Nf6 14. Nd5 e4
1/2-1/2

[Event "SR Extraliga 2017/2018"]
[Site "?"]
[Date "2018.03.03"]
[Round "10.6"]
[White "Holtman, Teodor"]
[Black "Maslik, Miroslav"]
[Result "1-0"]
[WhiteElo "2192"]
[BlackElo "2355"]
[PlyCount "101"]
[EventDate "2017.??.??"]

1. e4 e6 2. d4 d5 3. Nd2 h6 4. Bd3 c5 5. dxc5 Bxc5 6. Ngf3 Nc6 7. O-O Nge7 8.
a3 O-O 9. b4 Bb6 10. Bb2 Ng6 11. Re1 a6 12. Bf1 Ba7 13. c4 dxc4 14. Nxc4 b5 15.
Ne3 Bb7 16. Qb3 Nh4 17. Ng4 Nxf3+ 18. Qxf3 Qg5 19. Bc1 Ne5 20. Nxe5 Qxe5 21.
Bf4 Qf6 22. Qg3 e5 23. Be3 Bxe3 24. Qxe3 Rfd8 25. Rac1 Rd4 26. f3 Qd6 27. Rc5
Rd8 28. Rec1 Rd7 29. Be2 Kh7 30. Bf1 g6 31. Be2 Kg7 32. Bf1 Rd2 33. Qc3 Rd4 34.
Qe3 Qe7 35. Qc3 Qg5 36. Kh1 Qe7 37. Kg1 Qg5 38. Kh1 Qe7 39. Kg1 g5 40. h3 Kf6
41. Rc7 Qd8 42. Rxb7 Rxb7 43. Qc6+ Kg7 44. Qxb7 Rd2 45. Qa7 Ra2 46. Qe3 Qd6 47.
Kh1 Qf6 48. Qb3 Qf4 49. Rd1 Rf2 50. Kg1 Qg3 51. Rd7 1-0

[Event "SR Extraliga 2017/2018"]
[Site "?"]
[Date "2018.03.03"]
[Round "10.7"]
[White "Schwarz, Dusan"]
[Black "Kusiak, Matej"]
[Result "1-0"]
[WhiteElo "2295"]
[BlackElo "2285"]
[PlyCount "125"]
[EventDate "2017.??.??"]

1. d4 d6 2. c4 e5 3. Nc3 exd4 4. Qxd4 Nc6 5. Qd2 Nf6 6. b3 Bf5 7. Bb2 Be7 8. g3
O-O 9. Bg2 Re8 10. Nh3 Bf8 11. O-O Ne4 12. Nxe4 Bxe4 13. f3 Bf5 14. e4 Bxh3 15.
Bxh3 Be7 16. f4 Bf6 17. Rfe1 a5 18. a3 Bxb2 19. Qxb2 Qb8 20. Rad1 Qa7+ 21. Qf2
Qxf2+ 22. Kxf2 Re7 23. Bg2 Kf8 24. Rd5 Rae8 25. Red1 f6 26. c5 dxc5 27. Rxc5
Ra8 28. Rb5 Ra7 29. h4 Ke8 30. e5 Nd8 31. exf6 gxf6 32. Rbd5 Ra8 33. Bf3 Nc6
34. Rb5 Nd8 35. Bxb7 Nxb7 36. Rxb7 Ra6 37. Rc1 Kd8 38. Rb8+ Kd7 39. Rd1+ Kc6
40. Rc1+ Kd7 41. Rb5 a4 42. b4 Rd6 43. Rc3 Ke8 44. Rbc5 Rdd7 45. Ra5 Kf7 46.
Kf3 Rd1 47. Ra7 Kg6 48. Rxa4 h5 49. Re3 Rxe3+ 50. Kxe3 Kf5 51. Ra6 Rb1 52. Kd4
Rb3 53. Kc4 Rxg3 54. a4 Rg4 55. Rc6 Rxh4 56. Rxc7 Rxf4+ 57. Kc5 h4 58. a5 Kg6
59. a6 Rf1 60. a7 Ra1 61. Kb6 f5 62. b5 Kg5 63. Kb7 1-0

[Event "SR Extraliga 2017/2018"]
[Site "?"]
[Date "2018.03.03"]
[Round "10.8"]
[White "Zambor, Norbert"]
[Black "Machata, Martin"]
[Result "1/2-1/2"]
[WhiteElo "2251"]
[BlackElo "2209"]
[PlyCount "113"]
[EventDate "2017.??.??"]

1. e4 Nf6 2. e5 Nd5 3. d4 d6 4. Nf3 g6 5. Bc4 Be6 6. Ng5 dxe5 7. Nxe6 fxe6 8.
dxe5 Bg7 9. f4 O-O 10. O-O Nc6 11. Nc3 Ndb4 12. Bxe6+ Kh8 13. Bb3 Qd4+ 14. Qxd4
Nxd4 15. Rf2 c5 16. Be3 Rfd8 17. Rc1 Rac8 18. Bc4 Nf5 19. Re1 Nxe3 20. Rxe3 Rd4
21. Bf1 Bh6 22. g3 g5 23. f5 g4 24. Ree2 Rcd8 25. f6 e6 26. Nb5 Rd1 27. Nd6 Rd7
28. f7 Bf8 29. Rd2 Re1 30. Rfe2 Rc1 31. Kf2 Nc6 32. Bg2 Nd4 33. Re4 Bxd6 34.
exd6 Rxf7+ 35. Rf4 Rd7 36. c3 Nf5 37. Rxg4 Rxd6 38. Re2 b6 39. Be4 Ne7 40. Rh4
Kg7 41. Rxh7+ Kf6 42. h4 Rdd1 43. g4 Rf1+ 44. Ke3 Nd5+ 45. Bxd5 exd5 46. Rxa7
Ke5 47. Re7+ Kd6 48. Rh7 Rcd1 49. Rh8 c4 50. Rf2 Rd3+ 51. Ke2 Rb1 52. h5 Rg3
53. h6 Rxb2+ 54. Kf1 Rb1+ 55. Ke2 Rb2+ 56. Kf1 Rb1+ 57. Ke2 1/2-1/2

[Event "SR Extraliga 2017/2018"]
[Site "?"]
[Date "2018.03.03"]
[Round "10.1"]
[White "Cvek, Robert"]
[Black "Mazur, Stefan"]
[Result "1/2-1/2"]
[WhiteElo "2510"]
[BlackElo "2439"]
[PlyCount "100"]
[EventDate "2017.??.??"]

1. e4 e5 2. Nf3 Nc6 3. d4 exd4 4. Nxd4 Nf6 5. Nc3 Bb4 6. Nxc6 bxc6 7. Bd3 d5 8.
exd5 cxd5 9. O-O O-O 10. h3 Be6 11. Ne2 Ne4 12. Nf4 Qf6 13. Qh5 Rad8 14. c3 Bd6
15. Nxe6 Qxe6 16. Re1 f5 17. Be3 c5 18. Rad1 Qe5 19. f4 Qe6 20. Bxe4 dxe4 21.
Rd2 Qxa2 22. Red1 Qe6 23. c4 Be7 24. Rd5 g6 25. Qe2 Rxd5 26. cxd5 Qb6 27. b4
Qxb4 28. d6 Bf6 29. Qa2+ Kh8 30. Qd5 Qc3 31. Qxc5 Qxc5 32. Bxc5 Rf7 33. d7 Bd8
34. Bxa7 Kg8 35. Rd6 Re7 36. Bd4 e3 37. Be5 Kf7 38. Rf6+ Kg8 39. Rd6 Kf7 40.
Kf1 Re6 41. Rd3 Ke7 42. Ke2 Bb6 43. g4 fxg4 44. hxg4 g5 45. Bd4 Bxd4 46. Rxd4
Kd8 47. f5 Re7 48. f6 Re6 49. f7 Rf6 50. Kxe3 Rxf7 1/2-1/2

[Event "SR Extraliga 2017/2018"]
[Site "?"]
[Date "2018.03.03"]
[Round "10.2"]
[White "Neuman, Petr"]
[Black "Pechac, Jergus"]
[Result "1/2-1/2"]
[WhiteElo "2438"]
[BlackElo "2440"]
[PlyCount "86"]
[EventDate "2017.??.??"]

1. c4 b6 2. Nc3 Bb7 3. d4 e6 4. a3 f5 5. d5 Nf6 6. g3 Be7 7. Bg2 O-O 8. Nh3 Na6
9. b4 c5 10. b5 Nc7 11. O-O Nfe8 12. a4 Bf6 13. Qb3 Nd6 14. Bf4 Qe7 15. Rad1 e5
16. Bc1 g5 17. f3 a5 18. Nf2 Kh8 19. e4 f4 20. Bh3 Nce8 21. Bf5 Kg7 22. g4 h5
23. h3 Rh8 24. Kg2 Nf7 25. Rh1 Ned6 26. Rh2 Rh6 27. Rdh1 Nh8 28. Bd2 Ng6 29.
Bxg6 Kxg6 30. gxh5+ Rxh5 31. Ng4 Rah8 32. Nd1 Bg7 33. Be1 Nf7 34. Qd3 d6 35.
Ndf2 Bc8 36. Qf1 R8h7 37. Kg1 Nh8 38. Qg2 Kf7 39. Nd3 Ng6 40. Bf2 Qd8 41. Be1
Qh8 42. Bf2 Bd7 43. Be1 Bc8 1/2-1/2

[Event "SR Extraliga 2017/2018"]
[Site "?"]
[Date "2018.03.03"]
[Round "10.3"]
[White "Rohacek, Miroslav"]
[Black "Rojicek, Vojtech"]
[Result "0-1"]
[WhiteElo "2252"]
[BlackElo "2387"]
[PlyCount "38"]
[EventDate "2017.??.??"]

1. d4 Nf6 2. Nf3 g6 3. Bf4 Bg7 4. e3 d6 5. h3 O-O 6. Be2 Nfd7 7. Nbd2 e5 8.
dxe5 dxe5 9. Bg5 Qe8 10. e4 h6 11. Be3 Qe7 12. Nb3 b6 13. Qd5 c6 14. Qd2 Kh7
15. c4 Nf6 16. c5 Nxe4 17. Qc2 Nf6 18. cxb6 axb6 19. Bxb6 Qb4+ 0-1

[Event "SR Extraliga 2017/2018"]
[Site "?"]
[Date "2018.03.03"]
[Round "10.4"]
[White "Hausner, Ivan"]
[Black "Karas, Marek"]
[Result "1-0"]
[WhiteElo "2337"]
[BlackElo "2200"]
[PlyCount "39"]
[EventDate "2017.??.??"]

1. c4 e5 2. Nc3 Nf6 3. Nf3 Nc6 4. d4 exd4 5. Nxd4 Bb4 6. Bg5 h6 7. Bh4 d6 8.
Rc1 g5 9. Bg3 Nh5 10. e3 Nxg3 11. hxg3 Qf6 12. Ndb5 Bxc3+ 13. Nxc3 Kf8 14. Qb3
Qe5 15. Nd5 Nd4 16. Qc3 c5 17. f4 gxf4 18. gxf4 Qe4 19. Kf2 Be6 20. Bd3 1-0

[Event "SR Extraliga 2017/2018"]
[Site "?"]
[Date "2018.03.03"]
[Round "10.5"]
[White "Jablonicky, Martin"]
[Black "Cech, Pavel"]
[Result "0-1"]
[WhiteElo "2338"]
[BlackElo "2349"]
[PlyCount "90"]
[EventDate "2017.??.??"]

1. e4 e6 2. d4 d5 3. Nc3 Bb4 4. e5 b6 5. Qg4 Bf8 6. Be3 Ba6 7. Bxa6 Nxa6 8.
O-O-O Qd7 9. f4 O-O-O 10. Qe2 Kb7 11. Nf3 Bb4 12. Bd2 Ne7 13. g4 c5 14. Rhf1 h6
15. Nb5 Nc8 16. dxc5 Bxd2+ 17. Rxd2 bxc5 18. c4 d4 19. f5 Qc6 20. Nh4 Rd7 21.
fxe6 fxe6 22. Ng6 Rhd8 23. Nf8 Re7 24. Ng6 Red7 25. a3 Nc7 26. Nd6+ Ka6 27. b4
Qa4 28. b5+ Kb6 29. Nxc8+ Rxc8 30. Qd3 a6 31. bxa6 Kxa6 32. Rb2 Na8 33. Rf8
Rdc7 34. Rxc8 Rxc8 35. Nf4 Rc6 36. Kd2 Nb6 37. Rc2 Qa5+ 38. Ke2 Na4 39. Kf2 Nc3
40. Ne2 Nxe2 41. Rxe2 Qd8 42. Kg3 Rb6 43. Kg2 Qa8+ 44. Kh3 Qb7 45. Qg6 Qf3+ 0-1

[Event "SR Extraliga 2017/2018"]
[Site "?"]
[Date "2018.03.03"]
[Round "10.6"]
[White "Hrabusa, Matej"]
[Black "Gasa, Andrej"]
[Result "1-0"]
[WhiteElo "2367"]
[BlackElo "2283"]
[PlyCount "97"]
[EventDate "2017.??.??"]

1. d4 Nf6 2. Bg5 Ne4 3. Bf4 d5 4. e3 c6 5. Bd3 Nf6 6. c4 e6 7. Nf3 Bb4+ 8. Nbd2
Nbd7 9. O-O O-O 10. a3 Ba5 11. b4 Bc7 12. c5 Re8 13. Ne5 Nxe5 14. Bxe5 Bxe5 15.
dxe5 Nd7 16. f4 f5 17. Nb3 b6 18. Qc2 Bb7 19. Rab1 Rc8 20. Nd4 Qe7 21. Nxe6
Qxe6 22. Bxf5 Qe7 23. Bxh7+ Kf8 24. Rf3 Qe6 25. Bf5 Qf7 26. Rh3 Re6 27. Bxe6
Qxe6 28. Qh7 Re8 29. Rh5 Nf6 30. Rf5 Bc8 31. e4 Qxf5 32. Qh8+ Kf7 33. Qxe8+
Nxe8 34. exf5 Bxf5 35. cxb6 axb6 36. Rc1 Bd7 37. g4 Ke6 38. h4 d4 39. Re1 Kd5
40. f5 c5 41. bxc5 bxc5 42. h5 Ba4 43. g5 Bc2 44. f6 Ke6 45. Rf1 gxf6 46. exf6
Nd6 47. g6 Nf7 48. Re1+ Kxf6 49. Rf1+ 1-0

[Event "SR Extraliga 2017/2018"]
[Site "?"]
[Date "2018.03.03"]
[Round "10.7"]
[White "Istona, Martin"]
[Black "Hros, Roman"]
[Result "1-0"]
[WhiteElo "2279"]
[BlackElo "2222"]
[PlyCount "109"]
[EventDate "2017.??.??"]

1. e4 c5 2. Nf3 e6 3. d4 cxd4 4. Nxd4 Nc6 5. Nc3 Qc7 6. Be3 a6 7. a3 b5 8. Nxc6
Qxc6 9. Be2 Bb7 10. O-O Bc5 11. Bd4 Bf8 12. Bf3 d6 13. Re1 Qc7 14. a4 b4 15.
Na2 e5 16. Be3 a5 17. c3 bxc3 18. Nxc3 Bc6 19. Rc1 Qb7 20. Be2 Nf6 21. Nb5 Rd8
22. Bg5 Be7 23. Bxf6 gxf6 24. Rxc6 Qxc6 25. Nd4 Qb7 26. Bb5+ Rd7 27. Nf5 Kd8
28. Bxd7 Kxd7 29. Qg4 Ke8 30. Rc1 Rf8 31. h4 Kd8 32. Ne3 Qd7 33. Qd1 Rg8 34.
Qd5 Ke8 35. Qa8+ Bd8 36. Rc8 h5 37. Nf5 d5 38. exd5 Rg4 39. b3 Rb4 40. d6 Rg4
41. g3 Rg6 42. Qb8 Rg4 43. Qc7 e4 44. Ne3 Rg6 45. Kh2 f5 46. Nxf5 e3 47. fxe3
f6 48. e4 Rg4 49. Ra8 Rg6 50. Nd4 f5 51. e5 f4 52. e6 fxg3+ 53. Kg2 Rxe6 54.
Nxe6 Qc8 55. Qxd8+ 1-0

[Event "SR Extraliga 2017/2018"]
[Site "?"]
[Date "2018.03.03"]
[Round "10.8"]
[White "Tropp, Oliver"]
[Black "Jozefek, Michal"]
[Result "1/2-1/2"]
[WhiteElo "2197"]
[BlackElo "2204"]
[PlyCount "126"]
[EventDate "2017.??.??"]

1. Nf3 d5 2. c4 c6 3. b3 Bf5 4. Bb2 e6 5. g3 h6 6. Bg2 Nf6 7. O-O Be7 8. d3 O-O
9. Nbd2 a5 10. Ne5 Na6 11. Rc1 Bh7 12. Ndf3 Qb6 13. g4 a4 14. Bd4 Bc5 15. Bxc5
Nxc5 16. cxd5 cxd5 17. g5 hxg5 18. Nxg5 axb3 19. d4 Nce4 20. Nxh7 Kxh7 21. axb3
Ra3 22. Bxe4+ dxe4 23. Nc4 Qxb3 24. Nxa3 Qxa3 25. e3 Nd5 26. Qh5+ Kg8 27. Rb1
Qe7 28. Qe5 f5 29. Kh1 b6 30. Rg1 Rf6 31. Rg5 Rf7 32. Rbg1 Nf6 33. Rg6 Kh7 34.
R1g5 Qd7 35. Qg3 Qc7 36. Qh4+ Kg8 37. Rh6 Kf8 38. Rh8+ Ke7 39. Rg1 Kd7 40. Ra8
Ng4 41. Rga1 g5 42. Qh8 Kd6 43. Rd8+ Rd7 44. Rc8 Rh7 45. Qf8+ Qe7 46. Rd8+ Kc6
47. Rc8+ Kd6 48. Rd8+ Kc6 49. d5+ Kb5 50. Rb1+ Kc4 51. Rc1+ Kd3 52. dxe6+ Ke2
53. Rc2+ Ke1 54. Rc1+ Ke2 55. Qxf5 Rxh2+ 56. Kg1 Rh4 57. Rc2+ Ke1 58. Ra8 Qg7
59. Qxe4 Nxf2 60. Qg2 Nh3+ 61. Qxh3 Rxh3 62. Raa2 Kd1 63. Rcb2 Qxb2 1/2-1/2

[Event "SR Extraliga 2017/2018"]
[Site "?"]
[Date "2018.03.04"]
[Round "11.1"]
[White "Vajda, Levente"]
[Black "Vovk, Jurij"]
[Result "0-1"]
[WhiteElo "2584"]
[BlackElo "2600"]
[PlyCount "70"]
[EventDate "2017.??.??"]

1. e4 c5 2. c3 Nf6 3. e5 Nd5 4. d4 cxd4 5. Nf3 Nc6 6. cxd4 d6 7. Bc4 e6 8. O-O
Be7 9. Qe2 O-O 10. Nc3 dxe5 11. dxe5 Nxc3 12. bxc3 b6 13. Qe4 Qc7 14. Re1 Bb7
15. Bd3 g6 16. Qg4 Na5 17. Bh6 Bxf3 18. Qxf3 Rfd8 19. Ba6 Rab8 20. h3 b5 21. a4
Nb3 22. Ra2 Qa5 23. Qc6 Nd4 24. cxd4 Qxe1+ 25. Kh2 b4 26. Qc7 Bh4 27. g3 b3 28.
Re2 Qb4 29. gxh4 b2 30. Bd3 b1=Q 31. Bxb1 Qxb1 32. Qxa7 Qf5 33. Rd2 Rb1 34. Qe7
Rdb8 35. Qa3 R1b3 0-1

[Event "SR Extraliga 2017/2018"]
[Site "?"]
[Date "2018.03.04"]
[Round "11.2"]
[White "Stocek, Jiri"]
[Black "Petenyi, Tamas"]
[Result "1-0"]
[WhiteElo "2567"]
[BlackElo "2450"]
[PlyCount "71"]
[EventDate "2017.??.??"]

1. d4 g6 2. e4 Bg7 3. c4 d6 4. Nc3 Nc6 5. Be3 e5 6. Nge2 Nf6 7. d5 Ne7 8. f3
O-O 9. g4 Bd7 10. Ng3 Ne8 11. Bd3 c6 12. g5 a6 13. h4 f5 14. gxf6 Nxf6 15. h5
Nxh5 16. Nxh5 gxh5 17. Rxh5 Qe8 18. Rh2 Qg6 19. Kd2 Qg3 20. Qh1 Rxf3 21. Ne2
Rxe3 22. Nxg3 Rxg3 23. c5 cxd5 24. exd5 Rxd3+ 25. Kxd3 dxc5 26. Rg1 Bf5+ 27.
Kc4 Rc8 28. Rhg2 b5+ 29. Kc3 Ng6 30. Rg5 e4+ 31. Kc2 Rf8 32. Rf1 Ne7 33. d6 Nc6
34. Rgxf5 Nd4+ 35. Kb1 Nxf5 36. d7 1-0

[Event "SR Extraliga 2017/2018"]
[Site "?"]
[Date "2018.03.04"]
[Round "11.4"]
[White "Nayhebaver, Martin"]
[Black "Varga, Zoltan"]
[Result "0-1"]
[WhiteElo "2470"]
[BlackElo "2458"]
[PlyCount "90"]
[EventDate "2017.??.??"]

1. e4 Nf6 2. e5 Nd5 3. d4 d6 4. Nf3 Nb6 5. a4 a5 6. Bb5+ c6 7. Be2 g6 8. exd6
exd6 9. h4 h6 10. c4 Bg7 11. Bf4 O-O 12. Qd2 Re8 13. Kf1 h5 14. Bg5 Qc7 15. Nc3
Bg4 16. Qf4 Na6 17. Ne4 Re6 18. Nf6+ Bxf6 19. Bxf6 Nd7 20. Bg5 Rae8 21. Re1 Nb4
22. Qd2 Bxf3 23. gxf3 d5 24. c5 b6 25. Bf4 Qd8 26. cxb6 Nxb6 27. b3 Nc8 28. Be5
Kh7 29. Kg2 Nd6 30. Bxd6 Qxd6 31. Bd1 Rxe1 32. Rxe1 Rxe1 33. Qxe1 Qf6 34. Qe3
Qxh4 35. f4 Qf6 36. Kg3 Kg7 37. Kg2 Qe6 38. Kg3 Kf6 39. Qc3 Qe4 40. Bf3 h4+ 41.
Kxh4 Qxf4+ 42. Kh3 c5 43. Qe3 Qxe3 44. fxe3 c4 45. bxc4 dxc4 0-1

[Event "SR Extraliga 2017/2018"]
[Site "?"]
[Date "2018.03.04"]
[Round "11.5"]
[White "Bagi, Mate"]
[Black "Repka, Christopher"]
[Result "1/2-1/2"]
[WhiteElo "2428"]
[BlackElo "2524"]
[PlyCount "59"]
[EventDate "2017.??.??"]

1. e4 e6 2. d4 d5 3. Nc3 Nf6 4. e5 Nfd7 5. f4 c5 6. Nf3 Nc6 7. Be3 Be7 8. Qd2
O-O 9. Be2 b6 10. O-O Bb7 11. Kh1 Rc8 12. Rad1 f6 13. exf6 Nxf6 14. Bb5 Na5 15.
Ng5 Qd6 16. Bd3 h6 17. Nf3 Ne4 18. Bxe4 dxe4 19. dxc5 Qxd2 20. Nxd2 Bxc5 21.
Bxc5 Rxc5 22. Rde1 Nc4 23. Ndxe4 Rcf5 24. b3 Bxe4 25. Nxe4 Na3 26. c3 e5 27. g3
exf4 28. Rxf4 Rxf4 29. gxf4 Rxf4 30. Kg2 1/2-1/2

[Event "SR Extraliga 2017/2018"]
[Site "?"]
[Date "2018.03.04"]
[Round "11.6"]
[White "Repkova, Eva"]
[Black "Rachela, Milan"]
[Result "1/2-1/2"]
[WhiteElo "2292"]
[BlackElo "2332"]
[PlyCount "23"]
[EventDate "2017.??.??"]

1. e4 c5 2. Nf3 d6 3. Bc4 Nf6 4. d3 e6 5. Nbd2 Be7 6. O-O O-O 7. c3 b6 8. Bb3
Ba6 9. Bc2 Nbd7 10. Re1 Rc8 11. Nf1 Qc7 12. Ng3 1/2-1/2

[Event "SR Extraliga 2017/2018"]
[Site "?"]
[Date "2018.03.04"]
[Round "11.7"]
[White "Varga, David"]
[Black "Frindt, Kornel"]
[Result "1-0"]
[WhiteElo "2316"]
[BlackElo "2224"]
[PlyCount "95"]
[EventDate "2017.??.??"]

1. e4 c5 2. Nf3 Nc6 3. d4 cxd4 4. Nxd4 e5 5. Nb5 d6 6. c4 Be7 7. Bd3 Be6 8. O-O
Rc8 9. b3 a6 10. N5c3 Nf6 11. Nd5 Bxd5 12. exd5 Nd4 13. Be3 O-O 14. Bxd4 exd4
15. Bf5 Nd7 16. Nd2 b5 17. Rc1 g6 18. Bh3 f5 19. Nf3 bxc4 20. bxc4 Bf6 21. Nxd4
Bxd4 22. Qxd4 Rc5 23. Rfe1 Ra5 24. Re2 Re8 25. Rce1 Rxe2 26. Rxe2 Qb6 27. Qa1
Ne5 28. g3 Ra4 29. Bf1 Rb4 30. Kg2 Rb1 31. Qc3 Qc5 32. h3 Kf7 33. Rc2 g5 34.
Bd3 f4 35. Bxh7 fxg3 36. Qxg3 Kf6 37. h4 g4 38. Qf4+ Kg7 39. Bf5 Rb7 40. h5 Qa3
41. h6+ Kh8 42. Bxg4 Rf7 43. Bf5 Ng6 44. Qd4+ Kh7 45. Bxg6+ Kxg6 46. Rc3 Qc5
47. Rg3+ Kh7 48. Qe4+ 1-0

[Event "SR Extraliga 2017/2018"]
[Site "?"]
[Date "2018.03.04"]
[Round "11.8"]
[White "Najgebauer, Szemjon"]
[Black "Takacs, Laszlo"]
[Result "0-1"]
[WhiteElo "2163"]
[BlackElo "2247"]
[PlyCount "102"]
[EventDate "2017.??.??"]

1. Nf3 Nf6 2. c4 g6 3. Nc3 Bg7 4. e4 d6 5. d4 O-O 6. Be2 e5 7. O-O Nc6 8. d5
Ne7 9. b4 Nh5 10. c5 f5 11. Ng5 Nf6 12. Bf3 h6 13. Ne6 Bxe6 14. dxe6 fxe4 15.
cxd6 cxd6 16. Nxe4 Nxe4 17. Bxe4 d5 18. Bc2 Qd6 19. a4 Qxe6 20. Ra3 Rad8 21. b5
Nf5 22. Rh3 g5 23. Re1 e4 24. Ba3 Rfe8 25. Bb3 Nd4 26. Ba2 Qf5 27. Rhe3 Ne6 28.
g3 Nd4 29. Bc5 Nf3+ 30. Rxf3 exf3 31. Rxe8+ Rxe8 32. Qxd5+ Qxd5 33. Bxd5+ Kh8
34. Be3 Rd8 35. Bxf3 b6 36. h4 Bd4 37. hxg5 Bxe3 38. fxe3 hxg5 39. Kg2 Rd2+ 40.
Kf1 Kg7 41. Be2 Kf6 42. Kf2 Ra2 43. Kf3 Rxa4 44. Bf1 Ke5 45. Bd3 g4+ 46. Kf2
Ra2+ 47. Kf1 Rb2 48. Be2 Ke4 49. Bxg4 Rxb5 50. Kf2 Rb2+ 51. Be2 a5 0-1

[Event "SR Extraliga 2017/2018"]
[Site "?"]
[Date "2018.03.04"]
[Round "11.1"]
[White "Ftacnik, Lubomir"]
[Black "Navara, David"]
[Result "0-1"]
[WhiteElo "2539"]
[BlackElo "2737"]
[PlyCount "70"]
[EventDate "2017.??.??"]

1. Nf3 d5 2. d4 Nf6 3. c4 c6 4. Nc3 e6 5. e3 Nbd7 6. Bd3 dxc4 7. Bxc4 b5 8. Bd3
a6 9. e4 c5 10. e5 cxd4 11. Nxb5 axb5 12. exf6 gxf6 13. O-O Qb6 14. Qe2 b4 15.
Rd1 Bd6 16. Bb5 Bc5 17. Bf4 Ra5 18. Bd3 Bb7 19. Bg3 Bd6 20. Bxd6 Bxf3 21. Qxf3
Qxd6 22. Qb7 Ke7 23. b3 f5 24. Bb5 Rd8 25. Ba4 Kf8 26. Rac1 Ne5 27. f4 Ng4 28.
Rc7 Nh6 29. Rc6 Qxf4 30. Qxb4+ Kg7 31. Qxa5 Ng4 32. Qd2 Qxh2+ 33. Kf1 Ne3+ 34.
Qxe3 dxe3 35. Rxd8 Qf4+ 0-1

[Event "SR Extraliga 2017/2018"]
[Site "?"]
[Date "2018.03.04"]
[Round "11.2"]
[White "Babula, Vlastimil"]
[Black "Plat, Vojtech"]
[Result "1/2-1/2"]
[WhiteElo "2556"]
[BlackElo "2560"]
[PlyCount "52"]
[EventDate "2017.??.??"]

1. d4 Nf6 2. c4 g6 3. Nc3 d5 4. cxd5 Nxd5 5. e4 Nxc3 6. bxc3 Bg7 7. Nf3 c5 8.
h3 O-O 9. Be3 Qa5 10. Bd2 Nc6 11. Be2 cxd4 12. cxd4 Qa3 13. d5 Ne5 14. O-O
Nxf3+ 15. Bxf3 Bxa1 16. Qxa1 f6 17. Rb1 a5 18. e5 fxe5 19. Qxe5 Qd6 20. Qe3 Bd7
21. Bc3 b5 22. Re1 Rac8 23. Be5 Qc5 24. Bd4 Qd6 25. Be5 Qc5 26. Bd4 Qd6 1/2-1/2

[Event "SR Extraliga 2017/2018"]
[Site "?"]
[Date "2018.03.04"]
[Round "11.3"]
[White "Pacher, Milan"]
[Black "Markos, Jan"]
[Result "0-1"]
[WhiteElo "2441"]
[BlackElo "2563"]
[PlyCount "54"]
[EventDate "2017.??.??"]

1. d4 Nf6 2. Bf4 b6 3. e3 Bb7 4. Nc3 e6 5. Nf3 Bb4 6. Bd3 d6 7. O-O Bxc3 8.
bxc3 Nbd7 9. Nd2 g5 10. Bg3 h5 11. f3 h4 12. Bf2 Qe7 13. a4 a5 14. c4 g4 15. e4
g3 16. hxg3 hxg3 17. Bxg3 O-O-O 18. Rf2 Nh5 19. Bh2 Qh4 20. g4 Nf4 21. Bf1 Rdg8
22. Qe1 Nf6 23. Ra3 Rg6 24. Qe3 e5 25. dxe5 dxe5 26. Kh1 Rgh6 27. g5 Qxg5 0-1

[Event "SR Extraliga 2017/2018"]
[Site "?"]
[Date "2018.03.04"]
[Round "11.4"]
[White "Kriebel, Tadeas"]
[Black "Zetocha, Claudiu"]
[Result "1-0"]
[WhiteElo "2520"]
[BlackElo "2328"]
[PlyCount "59"]
[EventDate "2017.??.??"]

1. e4 c5 2. Nf3 e6 3. d4 cxd4 4. Nxd4 a6 5. Nc3 Qc7 6. Be2 Nf6 7. a3 Be7 8. f4
d6 9. g4 Nc6 10. g5 Nd7 11. h4 b5 12. Be3 Bb7 13. Rg1 Rc8 14. f5 Nxd4 15. Qxd4
e5 16. Qd2 Nc5 17. Bf3 Na4 18. Nxa4 bxa4 19. c3 Qc4 20. Rg4 Qb3 21. Rd1 Bc6 22.
f6 gxf6 23. gxf6 Bf8 24. Rg5 h6 25. Rh5 Qc4 26. Rxe5+ dxe5 27. Bb6 Be7 28. fxe7
Kxe7 29. Qd6+ Ke8 30. Qxe5+ 1-0

[Event "SR Extraliga 2017/2018"]
[Site "?"]
[Date "2018.03.04"]
[Round "11.5"]
[White "Petran, Peter"]
[Black "Mrva, Martin"]
[Result "0-1"]
[WhiteElo "2308"]
[BlackElo "2414"]
[PlyCount "94"]
[EventDate "2017.??.??"]

1. g3 g6 2. Bg2 Bg7 3. c4 Nc6 4. Nc3 d6 5. d3 h5 6. Nf3 Bg4 7. Bd2 Qc8 8. h3
Bd7 9. Rb1 a5 10. a3 Nh6 11. e4 Ne5 12. Nxe5 dxe5 13. b4 axb4 14. axb4 Ng8 15.
Be3 Nf6 16. d4 exd4 17. Bxd4 e5 18. Bxe5 O-O 19. Qd4 Ra6 20. Nd5 Nxd5 21. Bxg7
Nxb4 22. O-O c5 23. Qc3 Re8 24. Kh2 Kh7 25. Bf6 Bc6 26. Rbe1 Qe6 27. Bg5 Ra2
28. Bc1 Rc2 29. Qe3 Qxc4 30. Qh6+ Kg8 31. Bg5 Qd4 32. Kg1 Qg7 33. Qxg7+ Kxg7
34. e5 Bxg2 35. Kxg2 Nd3 36. Bf6+ Kf8 37. Rb1 Rb8 38. Rb6 c4 39. Rfb1 Rxf2+ 40.
Kg1 Re2 41. Rxb7 Re1+ 42. Rxe1 Rxb7 43. Ra1 Ke8 44. Ra4 Rc7 45. Kh2 Kd7 46. g4
hxg4 47. hxg4 Nf2 0-1

[Event "SR Extraliga 2017/2018"]
[Site "?"]
[Date "2018.03.04"]
[Round "11.6"]
[White "Pinter, Erik"]
[Black "Havlicek, Libor"]
[Result "0-1"]
[WhiteElo "2367"]
[BlackElo "2305"]
[PlyCount "76"]
[EventDate "2017.??.??"]

1. e4 c5 2. Nf3 d6 3. c3 Nf6 4. Be2 e6 5. O-O Nc6 6. d3 Be7 7. Re1 O-O 8. Nbd2
b5 9. a3 d5 10. exd5 Nxd5 11. d4 cxd4 12. cxd4 Qb6 13. Ne4 b4 14. Bc4 Rd8 15.
Qd3 Na5 16. Neg5 Nf6 17. Ba2 Ba6 18. Qd1 Bc4 19. b3 Bd5 20. Ne5 Rf8 21. a4 Nc6
22. Be3 Qb7 23. f3 Nxe5 24. dxe5 Nd7 25. Qd3 g6 26. Bf4 Rac8 27. Rac1 Rxc1 28.
Bxc1 Rc8 29. Bd2 Qb8 30. f4 Nc5 31. Qb1 Qb7 32. Re2 h6 33. Nh3 Ne4 34. Qb2 Nc3
35. Rf2 Nd1 36. Qa1 Nxf2 37. Nxf2 Bxg2 38. Bb1 Bc5 0-1